[Event "I Festival A"]
[Site "Bisaccia ITA"]
[Date "2009.06.01"]
[Round "5"]
[White "Minikh, Edouard"]
[Black "Rotelli, Pietro"]
[Result "1-0"]
[WhiteElo "2095"]
[BlackElo "1970"]
[PlyCount "49"]
[EventDate "2009.05.29"]

1. d4 d5 2. c4 c6 3. Nc3 Nf6 4. Nf3 e6 5. Bg5 Nbd7 6. e3 Qa5 7. cxd5 Nxd5 8.
Qb3 Bb4 9. Rc1 N7b6 10. e4 Nxc3 11. bxc3 Ba3 12. Rd1 Qa4 13. Qb1 O-O 14. Bd3 h6
15. Bf4 Nc4 16. Bc2 Qa5 17. Qb3 b5 18. O-O Ba6 19. Rfe1 Rfd8 20. Bb1 Be7 21. d5
cxd5 22. exd5 Bf6 23. Qc2 g6 24. dxe6 Rxd1 25. Rxd1 1-0

[Event "I Festival A"]
[Site "Bisaccia ITA"]
[Date "2009.06.01"]
[Round "5"]
[White "Sellitti, Luca"]
[Black "Quimi, Marco"]
[Result "0-1"]
[WhiteElo "1897"]
[BlackElo "2242"]
[PlyCount "104"]
[EventDate "2009.05.29"]

1. e4 g6 2. d4 Bg7 3. Nf3 d6 4. Nc3 Nf6 5. h3 O-O 6. Be3 c6 7. Bd3 Qc7 8. Qd2
e5 9. O-O a5 10. Bh6 Na6 11. Bxg7 Kxg7 12. Bxa6 Rxa6 13. dxe5 dxe5 14. Rad1 Re8
15. Qd6 Qxd6 16. Rxd6 b5 17. Nd2 a4 18. a3 Bb7 19. Rd1 Raa8 20. Nf1 Rac8 21.
Ne3 Re7 22. f3 Ne8 23. Rd7 Rc7 24. Rd8 Nf6 25. Ng4 Nd7 26. Nf2 Nb6 27. b3 axb3
28. cxb3 Bc8 29. Nd3 Ra7 30. Nb4 Rec7 31. Rc1 Be6 32. a4 Bxb3 33. axb5 cxb5 34.
Kh2 Bc4 35. Rb8 Rcb7 36. Rxb7 Rxb7 37. Ra1 Na4 38. Ncd5 Rd7 39. Kg3 f5 40. Rd1
Nc5 41. Re1 fxe4 42. fxe4 Nd3 43. Ra1 Nxb4 44. Nxb4 Rd4 45. Ra7+ Kh6 46. Re7
Rxe4 47. Nc6 Bd5 48. Nxe5 g5 49. Ng4+ Kg6 50. Rd7 Be6 51. Rb7 b4 52. Nf2 Re3+
0-1

[Event "I Festival A"]
[Site "Bisaccia ITA"]
[Date "2009.06.01"]
[Round "5"]
[White "Serafimov, Tervel"]
[Black "Caprio, Guido"]
[Result "1-0"]
[WhiteElo "2388"]
[BlackElo "2205"]
[PlyCount "55"]
[EventDate "2009.05.29"]

1. c4 g6 2. Nc3 Bg7 3. Nf3 d6 4. d4 Nf6 5. g3 O-O 6. Bg2 Nbd7 7. d5 e5 8. dxe6
fxe6 9. O-O Nb6 10. Qb3 a5 11. a4 Nbd7 12. Be3 Ng4 13. Bg5 Nc5 14. Qc2 Qe8 15.
Nb5 Na6 16. Bd2 e5 17. h3 Nh6 18. Bxa5 e4 19. Ng5 c6 20. Nxe4 cxb5 21. cxb5 Nc5
22. Nxd6 Qe5 23. Bb4 Ne6 24. Nc4 Qh5 25. g4 Qh4 26. Bxf8 Bxf8 27. Nb6 Nd4 28.
Qc4+ 1-0

[Event "I Festival A"]
[Site "Bisaccia ITA"]
[Date "2009.06.01"]
[Round "5"]
[White "Stromboli, Carlo"]
[Black "Franciosi, Fausto"]
[Result "1-0"]
[WhiteElo "2283"]
[BlackElo "1903"]
[PlyCount "63"]
[EventDate "2009.05.29"]

1. e4 d6 2. d4 Nf6 3. Nc3 e5 4. Nf3 Nbd7 5. Bc4 Be7 6. O-O O-O 7. Re1 c6 8. a4
a5 9. h3 Nb6 10. Be2 Nfd7 11. b3 Re8 12. Bb2 Bf6 13. d5 Nc5 14. Qd2 cxd5 15.
Nxd5 Nxd5 16. Qxd5 Be6 17. Qd2 Qc7 18. Ng5 Rad8 19. Bb5 Re7 20. Rad1 d5 21. Ba3
d4 22. Nxe6 Rxe6 23. Qe2 Na6 24. Bc4 Rc6 25. Qd2 Nc5 26. Bd5 Rcd6 27. Qe2 Rxd5
28. exd5 Rxd5 29. Qb5 Qc6 30. c4 dxc3 31. Rxd5 Qxd5 32. Qe8# 1-0

[Event "I Festival A"]
[Site "Bisaccia ITA"]
[Date "2009.06.01"]
[Round "5"]
[White "Stromboli, Ettore"]
[Black "Capone, Vincenzo"]
[Result "1/2-1/2"]
[WhiteElo "2301"]
[BlackElo "2115"]
[PlyCount "52"]
[EventDate "2009.05.29"]

1. e4 c5 2. Nf3 d6 3. d4 cxd4 4. Nxd4 Nf6 5. f3 Nc6 6. c4 e6 7. Nc3 Be7 8. Be3
O-O 9. Be2 d5 10. cxd5 exd5 11. exd5 Nxd5 12. Nxc6 bxc6 13. Nxd5 cxd5 14. O-O
Be6 15. Qd2 a5 16. Bd4 Bf6 17. a4 Bxd4+ 18. Qxd4 Rb8 19. Bb5 Bd7 20. Qxd5 Bxb5
21. Qxd8 Rfxd8 22. axb5 Rxb5 23. Rf2 g6 24. Re2 Rdb8 25. Ra2 Kg7 26. Kf2 h5
1/2-1/2

[Event "I Festival A"]
[Site "Bisaccia ITA"]
[Date "2009.06.01"]
[Round "5"]
[White "Vanacore, Francesco"]
[Black "Cinque, Antonio"]
[Result "1/2-1/2"]
[WhiteElo "2050"]
[BlackElo "1913"]
[PlyCount "80"]
[EventDate "2009.05.29"]

1. e4 e6 2. d4 d5 3. exd5 exd5 4. Nf3 Nf6 5. Bd3 Bd6 6. Bg5 Bg4 7. O-O O-O 8.
Nbd2 Nbd7 9. c3 c6 10. Qc2 Qc7 11. Rfe1 Rfe8 12. Bh4 Bh5 13. Bg3 Bg6 14. Bf5
Rxe1+ 15. Rxe1 Re8 16. Rxe8+ Nxe8 17. Nh4 Bxg3 18. hxg3 Nd6 19. Nxg6 hxg6 20.
Bd3 Nf6 21. Qd1 Qe7 22. Qe2 Kf8 23. Kf1 Qxe2+ 24. Kxe2 Ke7 25. Nf3 Nfe4 26.
Bxe4 Nxe4 27. Nd2 Nxd2 28. Kxd2 Ke6 29. Ke3 Kf5 30. Kf3 f6 31. g4+ Ke6 32. g5
Kf5 33. gxf6 gxf6 34. g4+ Kg5 35. Kg3 f5 36. f4+ Kf6 37. Kh4 b6 38. b3 c5 39.
a3 cxd4 40. cxd4 b5 1/2-1/2

[Event "I Festival A"]
[Site "Bisaccia ITA"]
[Date "2009.06.01"]
[Round "6"]
[White "Capone, Vincenzo"]
[Black "Dragojlovic, Andjelko"]
[Result "0-1"]
[WhiteElo "2115"]
[BlackElo "2404"]
[PlyCount "78"]
[EventDate "2009.05.29"]

1. d4 Nf6 2. Nf3 g6 3. g3 Bg7 4. Bg2 O-O 5. O-O d5 6. c4 c6 7. Nc3 dxc4 8. Bg5
h6 9. Bxf6 exf6 10. h3 f5 11. e3 Be6 12. Nd2 Nd7 13. Qc2 Nb6 14. a4 a5 15. b3
cxb3 16. Nxb3 Nd5 17. Nc5 Nb4 18. Qd2 Bc4 19. Nxb7 Qe7 20. Nc5 Bxf1 21. Kxf1
Rfd8 22. Qe2 Rab8 23. Rc1 h5 24. h4 Rb6 25. Na2 Nd5 26. Qd2 Qa7 27. Nc3 Nf6 28.
Rb1 Rxb1+ 29. Nxb1 Qb6 30. Qc2 Bf8 31. Nd3 c5 32. Nxc5 Rc8 33. Nd2 Bxc5 34.
dxc5 Rxc5 35. Qb3 Qa6+ 36. Kg1 Rc1+ 37. Bf1 Qe6 38. Qb8+ Kg7 39. Qd8 Rd1 0-1

[Event "I Festival A"]
[Site "Bisaccia ITA"]
[Date "2009.06.01"]
[Round "6"]
[White "Chiarion, Elisa"]
[Black "Ciavarra, Luigi"]
[Result "1-0"]
[WhiteElo "1912"]
[BlackElo "1974"]
[PlyCount "68"]
[EventDate "2009.05.29"]

1. e4 d6 2. d4 g6 3. Nc3 Bg7 4. Nf3 b6 5. Bc4 Nf6 6. O-O O-O 7. Re1 e6 8. Qe2
d5 9. Bb3 c5 10. Bg5 Ba6 11. Qd1 dxe4 12. Rxe4 Nbd7 13. a4 Qc7 14. Rh4 Rfd8 15.
Bf4 Qc8 16. Qe1 cxd4 17. Nb5 Bxb5 18. axb5 Nc5 19. Bc4 d3 20. b4 Na4 21. cxd3
Nb2 22. Rc1 Nxc4 23. Rxc4 Qd7 24. Rc7 Qxd3 25. h3 Qb3 26. Kh2 Nd5 27. Rxf7 Nxf4
28. Rxg7+ Kxg7 29. Qe5+ Kg8 30. Qc7 Nh5 31. Ng5 e5 32. Qxh7+ Kf8 33. Qxg6 Qg8
34. Qxh5 Ke7 1-0

[Event "I Festival A"]
[Site "Bisaccia ITA"]
[Date "2009.06.01"]
[Round "6"]
[White "Cinque, Antonio"]
[Black "Puglisi, Vincenzo"]
[Result "1/2-1/2"]
[WhiteElo "1913"]
[BlackElo "2037"]
[PlyCount "71"]
[EventDate "2009.05.29"]

1. e4 Nf6 2. Nc3 d5 3. exd5 Nxd5 4. Nf3 Nxc3 5. bxc3 g6 6. Be2 Bg7 7. O-O c5 8.
Bb2 O-O 9. d4 Nc6 10. d5 Ne5 11. Rb1 Qa5 12. Nxe5 Bxe5 13. c4 Bxb2 14. Rxb2 Qc7
15. Bf3 Rb8 16. Rb3 Bd7 17. Re1 e6 18. Qb1 b6 19. Qc1 Rfe8 20. Rbe3 e5 21. Qd2
Qd6 22. Qe2 f6 23. g4 h6 24. h4 Kf7 25. Bg2 b5 26. cxb5 Bxb5 27. c4 Bd7 28. a3
a5 29. g5 hxg5 30. hxg5 e4 31. Rxe4 Rxe4 32. Qxe4 Re8 33. Qb1 Rh8 34. Qe4 Re8
35. Qb1 Rh8 36. Qe4 1/2-1/2

[Event "I Festival A"]
[Site "Bisaccia ITA"]
[Date "2009.06.01"]
[Round "6"]
[White "Franciosi, Fausto"]
[Black "Lattanzio, Savino"]
[Result "1/2-1/2"]
[WhiteElo "1903"]
[BlackElo "2021"]
[PlyCount "41"]
[EventDate "2009.05.29"]

1. d4 d5 2. c4 c6 3. Nc3 Nf6 4. Nf3 a6 5. a4 e6 6. Bg5 Bb4 7. Qc2 Nbd7 8. e3
Qa5 9. c5 Ne4 10. Rd1 b6 11. cxb6 Nxb6 12. Bd3 Nxg5 13. Nxg5 h6 14. Nf3 Nxa4
15. O-O Nxc3 16. bxc3 Bd6 17. c4 dxc4 18. Qxc4 Bd7 19. Ra1 Qc7 20. Rxa6 O-O 21.
Rfa1 1/2-1/2

[Event "I Festival A"]
[Site "Bisaccia ITA"]
[Date "2009.06.01"]
[Round "6"]
[White "Martorelli, Antonio"]
[Black "Stromboli, Carlo"]
[Result "1-0"]
[WhiteElo "2236"]
[BlackElo "2283"]
[PlyCount "76"]
[EventDate "2009.05.29"]

1. e4 e5 2. Nf3 Nc6 3. Bb5 a6 4. Ba4 Nf6 5. O-O b5 6. Bb3 Bc5 7. c3 d6 8. d4
Bb6 9. a4 Bb7 10. axb5 axb5 11. Rxa8 Qxa8 12. Na3 O-O 13. Bc2 exd4 14. Bg5 Nd7
15. cxd4 Nb4 16. Re1 Nxc2 17. Qxc2 Re8 18. d5 c6 19. h4 Bc5 20. Be3 cxd5 21.
Nxb5 Bxe3 22. Rxe3 Rxe4 23. Ra3 Qb8 24. Nbd4 Qd8 25. Nf5 Nc5 26. Qc3 Qf6 27.
Qxf6 gxf6 28. Nxd6 Rb4 29. Nxb7 Rxb7 30. Rc3 Na4 31. Rc8+ Kg7 32. Nd4 f5 33. b3
Rb4 34. Nxf5+ Kf6 35. Ne3 Rxb3 36. Nxd5+ Kg7 37. Rc6 Rb5 38. Ne3 Rb6 1-0

[Event "I Festival A"]
[Site "Bisaccia ITA"]
[Date "2009.06.01"]
[Round "6"]
[White "Rotelli, Pietro"]
[Black "Di Muccio, Lindoro"]
[Result "1-0"]
[WhiteElo "1970"]
[BlackElo "1929"]
[PlyCount "73"]
[EventDate "2009.05.29"]

1. d4 Nf6 2. c4 e6 3. Nf3 b6 4. Nc3 Bb4 5. Bd2 O-O 6. e3 Bb7 7. Bd3 d6 8. Qc2
Nbd7 9. e4 c5 10. a3 cxd4 11. Nxd4 Bxc3 12. Bxc3 Nc5 13. f3 Nxd3+ 14. Qxd3 Rc8
15. O-O Ba6 16. Nb5 Bxb5 17. cxb5 Qc7 18. Bb4 Qc2 19. Qxc2 Rxc2 20. Bc3 Rd8 21.
Rf2 Rxf2 22. Kxf2 d5 23. Rd1 Kf8 24. Bxf6 gxf6 25. exd5 Ke7 26. Ke3 exd5 27.
Kd4 Kd6 28. Rc1 Re8 29. Rc6+ Ke7 30. b4 Kd7 31. Rxf6 Ke7 32. Rh6 Rc8 33. Kxd5
Rc2 34. Rxh7 Rxg2 35. f4 Rf2 36. Kc6 Rf3 37. Kd5 1-0

[Event "I Festival A"]
[Site "Bisaccia ITA"]
[Date "2009.06.01"]
[Round "6"]
[White "Stromboli, Ettore"]
[Black "Gromovs, Sergejs"]
[Result "1-0"]
[WhiteElo "2301"]
[BlackElo "2342"]
[PlyCount "87"]
[EventDate "2009.05.29"]

1. e4 d6 2. d4 Nf6 3. Nc3 g6 4. h3 Bg7 5. Nf3 O-O 6. Be3 c6 7. Qd2 b5 8. Bd3
Nbd7 9. Bh6 Nb6 10. O-O a5 11. Ne2 Nc4 12. Qc1 d5 13. e5 Ne4 14. b3 Nb6 15. Nh2
f5 16. Bxg7 Kxg7 17. f3 b4 18. fxe4 fxe4 19. Nf4 exd3 20. cxd3 Qe8 21. Qc5 g5
22. Ne2 Rxf1+ 23. Rxf1 Rb8 24. Ng3 Rb7 25. Nf5+ Bxf5 26. Rxf5 Qg6 27. g4 h6 28.
Nf1 a4 29. Qxb4 axb3 30. axb3 Qe6 31. Ng3 Rb8 32. Rf1 Nd7 33. Nf5+ Kf8 34.
Nxh6+ Ke8 35. Nf5 Qxe5 36. Qd2 Qf6 37. Re1 Kf8 38. Rxe7 Rd8 39. Qe3 c5 40. Re6
Qf7 41. Nd6 Qf4 42. Re8+ Rxe8 43. Qxe8+ Kg7 44. Nf5+ 1-0

[Event "I Festival A"]
[Site "Bisaccia ITA"]
[Date "2009.06.01"]
[Round "6"]
[White "Vanacore, Francesco"]
[Black "Gambardella, Piero"]
[Result "1-0"]
[WhiteElo "2050"]
[BlackElo "2011"]
[PlyCount "73"]
[EventDate "2009.05.29"]

1. e4 e6 2. d4 d5 3. Nd2 c5 4. exd5 Qxd5 5. Ngf3 Nf6 6. Bc4 Qd6 7. O-O Nc6 8.
Nb3 cxd4 9. Nbxd4 Bd7 10. Bb3 O-O-O 11. c3 Be7 12. Qe2 Ng4 13. Rd1 Nce5 14.
Nxe5 Nxe5 15. Nxe6 Bb5 16. Rxd6 Bxe2 17. Rxd8+ Bxd8 18. Nd4 Ba6 19. Bf4 Nd3 20.
Bg3 Bc7 21. Bxf7 Bxg3 22. hxg3 Nxb2 23. Bd5 Rd8 24. Be4 g6 25. Re1 Na4 26. Re3
Kb8 27. Ne6 Rd1+ 28. Kh2 Nb2 29. Rf3 Kc8 30. Rf8+ Kd7 31. Nc5+ Ke7 32. Rh8 Bc4
33. Rxh7+ Kf6 34. Rxb7 Rd2 35. f4 Nd1 36. Bf3 Ne3 37. Ne4+ 1-0

[Event "I Festival A"]
[Site "Bisaccia ITA"]
[Date "2009.06.02"]
[Round "7"]
[White "Ariete, Gerardo"]
[Black "Vespe, Francesco"]
[Result "1-0"]
[WhiteElo "2022"]
[BlackElo "1982"]
[PlyCount "45"]
[EventDate "2009.05.29"]

1. Nf3 d5 2. g3 c5 3. Bg2 Nc6 4. O-O e5 5. d3 Be7 6. Nc3 Nf6 7. e4 d4 8. Ne2
Bg4 9. h3 Be6 10. Ng5 Bd7 11. f4 Bd6 12. c3 dxc3 13. bxc3 O-O 14. Rb1 b6 15.
fxe5 Bxe5 16. d4 Bc7 17. e5 Ne8 18. Qd3 g6 19. e6 fxe6 20. Rxf8+ Kxf8 21. Qf3+
Nf6 22. Ne4 Kg7 23. Bg5 1-0

[Event "I Festival A"]
[Site "Bisaccia ITA"]
[Date "2009.06.13"]
[Round "7"]
[White "Di Muccio, Lindoro"]
[Black "Colucci, Stefano"]
[Result "1-0"]
[WhiteElo "1929"]
[BlackElo "2009"]
[PlyCount "82"]
[EventDate "2009.05.29"]

1. d4 Nf6 2. c4 g6 3. Nc3 d5 4. cxd5 Nxd5 5. e4 Nxc3 6. bxc3 Bg7 7. Nf3 c5 8.
Be2 Nc6 9. d5 Ne5 10. Nxe5 Bxe5 11. Qd3 O-O 12. Bg5 Qa5 13. Bd2 Qa3 14. O-O e6
15. f4 Bg7 16. d6 c4 17. Qxc4 Qxd6 18. Be3 b6 19. Bf3 Qa3 20. e5 Ba6 21. Qb4
Qxb4 22. cxb4 Bxf1 23. Bxa8 Rxa8 24. Kxf1 b5 25. Bc5 h5 26. a4 g5 27. g3 gxf4
28. gxf4 Bh6 29. Be3 bxa4 30. Rxa4 Rd8 31. Rxa7 Rd1+ 32. Kg2 Rb1 33. Rb7 Kg7
34. b5 h4 35. b6 Kg6 36. Rb8 Rb3 37. b7 h3+ 38. Kf2 Rb2+ 39. Ke1 f6 40. f5+
Kxf5 41. Bxh6 Kxe5 1-0

[Event "I Festival A"]
[Site "Bisaccia ITA"]
[Date "2009.06.02"]
[Round "7"]
[White "Grasso, Nino"]
[Black "Galasso, Luigi"]
[Result "1/2-1/2"]
[WhiteElo "1984"]
[BlackElo "1975"]
[PlyCount "69"]
[EventDate "2009.05.29"]

1. e4 Nf6 2. e5 Nd5 3. c4 Nb6 4. d4 d6 5. exd6 cxd6 6. Nf3 g6 7. Be3 Bg7 8. Nc3
O-O 9. Rc1 Nc6 10. b3 Bg4 11. Be2 d5 12. c5 Nc8 13. h3 Bxf3 14. Bxf3 e6 15. O-O
N8e7 16. Ne2 Nf5 17. g3 Qf6 18. Rc2 Nfxd4 19. Nxd4 Nxd4 20. Bxd4 Qxd4 21. Qxd4
Bxd4 22. Rd1 Be5 23. b4 Rfc8 24. b5 Rc7 25. c6 bxc6 26. bxc6 Rb8 27. Be2 Rb6
28. Rdc1 Bd6 29. a4 e5 30. Rd2 d4 31. Bf3 Kf8 32. Bd5 f5 33. f3 Rb4 34. Ra2 Ke7
35. Rd1 1/2-1/2

[Event "I Festival A"]
[Site "Bisaccia ITA"]
[Date "2009.06.02"]
[Round "7"]
[White "Lattanzio, Savino"]
[Black "Forlano, Luigi"]
[Result "1-0"]
[WhiteElo "2021"]
[BlackElo "2006"]
[PlyCount "63"]
[EventDate "2009.05.29"]

1. e4 c5 2. Nc3 g6 3. g3 Bg7 4. d3 Nc6 5. Bg2 Nf6 6. f4 d6 7. Nf3 Bg4 8. h3
Bxf3 9. Qxf3 Nd4 10. Qf2 O-O 11. O-O Nd7 12. Be3 Rc8 13. Nd1 b5 14. c3 Nc6 15.
Qd2 Qc7 16. f5 b4 17. Bh6 bxc3 18. bxc3 Qb6 19. Bxg7 Kxg7 20. Rf2 a5 21. Ne3 h6
22. Ng4 g5 23. f6+ exf6 24. Raf1 Qd8 25. h4 Nce5 26. Ne3 Kg6 27. d4 cxd4 28.
cxd4 Nc6 29. Bh3 Nb6 30. Ng4 Nd7 31. Nxh6 Kxh6 32. Bxd7 1-0

[Event "I Festival A"]
[Site "Bisaccia ITA"]
[Date "2009.06.02"]
[Round "7"]
[White "Minikh, Edouard"]
[Black "Vanacore, Francesco"]
[Result "1/2-1/2"]
[WhiteElo "2095"]
[BlackElo "2050"]
[PlyCount "49"]
[EventDate "2009.05.29"]

1. Nf3 Nf6 2. g3 g6 3. Bg2 Bg7 4. O-O O-O 5. d4 d5 6. b3 c5 7. Bb2 Nbd7 8. e3
e5 9. Nbd2 b6 10. c4 Bb7 11. Nxe5 Qc7 12. Rc1 dxc4 13. Ndxc4 Bxg2 14. Kxg2 Nxe5
15. Nxe5 Nd7 16. Nxd7 Qxd7 17. Ba3 Rfd8 18. dxc5 Qc6+ 19. Qf3 Qxf3+ 20. Kxf3
Rd2 21. c6 Bf8 22. Bxf8 Kxf8 23. a4 a5 24. Rc3 Ke7 25. e4 1/2-1/2

[Event "I Festival A"]
[Site "Bisaccia ITA"]
[Date "2009.06.02"]
[Round "7"]
[White "Puglisi, Vincenzo"]
[Black "Rotelli, Pietro"]
[Result "0-1"]
[WhiteElo "2037"]
[BlackElo "1970"]
[PlyCount "85"]
[EventDate "2009.05.29"]

1. c4 c6 2. e4 d5 3. exd5 cxd5 4. d4 Nc6 5. Nc3 e6 6. Nf3 Nf6 7. Bd3 Nb4 8. Bb1
dxc4 9. O-O Be7 10. Ne5 O-O 11. Nxc4 Nc6 12. Be3 b6 13. Qa4 Bb7 14. Ne5 Nb4 15.
a3 Nbd5 16. Bd3 a5 17. Rac1 b5 18. Qd1 Rc8 19. Qe2 Nxc3 20. Rxc3 Rxc3 21. bxc3
Bxa3 22. c4 b4 23. Bg5 Qxd4 24. Rd1 Ne4 25. Nf3 Qb2 26. Qe3 Nxg5 27. Nxg5 h6
28. Ne4 Bxe4 29. Qxe4 g6 30. Bb1 b3 31. h4 Bc5 32. Qf4 Kg7 33. h5 Qf6 34. Qg3
Qg5 35. Qc3+ e5 36. Rd5 Bd4 37. Qd3 Qxh5 38. Rd7 b2 39. Rb7 Qg5 40. Rc7 Rd8 41.
Qf3 Qf6 42. Qe4 Qxf2+ 43. Kh1 0-1

[Event "I Festival A"]
[Site "Bisaccia ITA"]
[Date "2009.06.02"]
[Round "7"]
[White "Serafimov, Tervel"]
[Black "Martorelli, Antonio"]
[Result "1-0"]
[WhiteElo "2388"]
[BlackElo "2236"]
[PlyCount "47"]
[EventDate "2009.05.29"]

1. c4 e5 2. Nc3 Nf6 3. Nf3 Nc6 4. g3 Nd4 5. Bg2 Nxf3+ 6. Bxf3 Bc5 7. O-O c6 8.
d3 h6 9. Rb1 a5 10. e3 Bb4 11. Na4 d5 12. c5 Bh3 13. Bg2 Bxg2 14. Kxg2 d4 15.
exd4 Qxd4 16. Be3 Qd5+ 17. Kg1 Qxa2 18. b3 Nd5 19. Rb2 Nxe3 20. fxe3 Qa3 21.
Qc2 b5 22. cxb6 Bd6 23. Qxc6+ Ke7 24. Qb7+ 1-0

[Event "I Festival A"]
[Site "Bisaccia ITA"]
[Date "2009.06.02"]
[Round "7"]
[White "Stromboli, Carlo"]
[Black "Capone, Vincenzo"]
[Result "1/2-1/2"]
[WhiteElo "2283"]
[BlackElo "2115"]
[PlyCount "79"]
[EventDate "2009.05.29"]

1. e4 c5 2. Nf3 d6 3. d4 cxd4 4. Nxd4 Nf6 5. Nc3 Nc6 6. Nb3 g6 7. Be2 Bg7 8. h4
Be6 9. Be3 h5 10. Nd4 Nxd4 11. Qxd4 O-O 12. Qd2 Qa5 13. f3 Rfd8 14. Bd4 Nd7 15.
Bxg7 Kxg7 16. Nb5 Qxd2+ 17. Kxd2 Rdc8 18. b3 Nf6 19. Nd4 Bd7 20. c4 a6 21. Rhc1
Rc7 22. Nc2 Be8 23. Nb4 e6 24. Ke3 Kf8 25. Rd1 Ke7 26. Rd2 Rd8 27. Rad1 Rcc8
28. Nc2 a5 29. Nd4 b6 30. Bf1 Bd7 31. Nc2 Bc6 32. Nd4 Bd7 33. Be2 Be8 34. g3
Bd7 35. Bf1 Be8 36. Bh3 Bd7 37. Bg2 Be8 38. Bh3 Bd7 39. Bg2 Be8 40. a4 1/2-1/2

[Event "XX C.to NATO"]
[Site "Hammelburg GER"]
[Date "2009.06.15"]
[Round "1"]
[White "Benedetti, Fabrizio"]
[Black "Adkins, James D."]
[Result "0-1"]
[WhiteElo "2191"]
[BlackElo "2015"]
[PlyCount "96"]
[EventDate "2009.06.15"]

1. e4 c5 2. Nf3 d6 3. d4 cxd4 4. Qxd4 Nc6 5. Bb5 Bd7 6. Bxc6 Bxc6 7. Nc3 Nf6 8.
Bg5 h6 9. Bh4 g5 10. Bg3 Bg7 11. O-O O-O 12. Qd3 d5 13. e5 Ne4 14. Rfe1 Nxg3
15. hxg3 e6 16. Nd4 a6 17. f4 gxf4 18. gxf4 Qh4 19. g3 Qg4 20. Nd1 Bd7 21. Nf2
Qh5 22. Kg2 f5 23. exf6 Rxf6 24. Rh1 Qf7 25. Nf3 Rg6 26. Nh4 Rf6 27. Ng4 d4 28.
Nxf6+ Qxf6 29. Rae1 Bc6+ 30. Nf3 Rd8 31. Re2 Bb5 32. Qd2 d3 33. Rd1 dxe2 34.
Qxd8+ Kh7 35. Rd2 Qxd8 36. Rxd8 Bc6 37. Kf2 Bxf3 38. c3 e5 39. fxe5 Bxe5 40.
Re8 e1=Q+ 41. Kxe1 Bxg3+ 42. Kd2 Kg7 43. Ke3 Bc6 44. Re7+ Kf6 45. Rh7 Kg6 46.
Rh8 Be5 47. Rg8+ Kf5 48. Rf8+ Ke6 0-1

[Event "XX C.to NATO"]
[Site "Hammelburg GER"]
[Date "2009.06.15"]
[Round "1"]
[White "Kartal, Koray"]
[Black "Tommasini, Enzo"]
[Result "1-0"]
[WhiteElo "1958"]
[BlackElo "2171"]
[PlyCount "67"]
[EventDate "2009.06.15"]

1. e4 e6 2. d4 d5 3. Nd2 Nf6 4. e5 Nfd7 5. Bd3 c5 6. c3 b6 7. Ne2 Ba6 8. Bxa6
Nxa6 9. O-O Be7 10. Nf4 Nc7 11. Qg4 g6 12. Nh3 O-O 13. Nf3 f5 14. Qg3 Ne8 15.
Bh6 Ng7 16. Nfg5 f4 17. Qg4 Rf5 18. g3 Rc8 19. gxf4 Rc6 20. c4 cxd4 21. cxd5
exd5 22. Bxg7 Kxg7 23. Rac1 Qa8 24. Nf3 Bc5 25. b4 Nf8 26. Nh4 Rh5 27. f5 Bxb4
28. Nf4 Rxh4 29. f6+ Kg8 30. Qxh4 Rc4 31. Qh6 Qb7 32. e6 Nxe6 33. Nxe6 Qd7 34.
Ng5 1-0

[Event "XX C.to NATO"]
[Site "Hammelburg GER"]
[Date "2009.06.15"]
[Round "1"]
[White "Nielsen, Henrik Lindholt"]
[Black "Gerardi, Saverio"]
[Result "0-1"]
[WhiteElo "2011"]
[BlackElo "2187"]
[PlyCount "84"]
[EventDate "2009.06.15"]

1. d4 d5 2. Nf3 Nf6 3. Bf4 e6 4. Nbd2 c5 5. e3 Nc6 6. c3 Bd6 7. Bg3 Qe7 8. Bb5
Bd7 9. O-O Bxg3 10. fxg3 O-O 11. Bxc6 Bxc6 12. Ne5 Nd7 13. Nxd7 Bxd7 14. Qe2 e5
15. Nf3 exd4 16. cxd4 Rae8 17. Rae1 f6 18. Qd2 c4 19. a3 Bc6 20. Nh4 Qd7 21.
Qc2 Re4 22. Rf2 b5 23. Qc3 Qc7 24. Nf3 a5 25. Nd2 Re7 26. g4 Qb6 27. Nf1 b4 28.
axb4 axb4 29. Qc2 Be8 30. Qf5 Qd6 31. Ng3 Bg6 32. Qf3 Rfe8 33. Nf5 Bxf5 34.
gxf5 Re4 35. Rfe2 Ra8 36. Qf1 Ra2 37. Ra1 Qa6 38. Ree1 b3 39. Rab1 Qa5 40. Qf3
Rxb2 41. Qg3 Rxb1 42. Rxb1 Qb6 0-1

[Event "XX C.to NATO"]
[Site "Hammelburg GER"]
[Date "2009.06.16"]
[Round "2"]
[White "Gerardi, Saverio"]
[Black "Prevot, Jean-Luc"]
[Result "1-0"]
[WhiteElo "2187"]
[BlackElo "2119"]
[PlyCount "97"]
[EventDate "2009.06.15"]

1. e4 c6 2. d4 d5 3. exd5 cxd5 4. Bd3 Nf6 5. Ne2 Nc6 6. c3 e5 7. dxe5 Nxe5 8.
Bc2 Bc5 9. O-O O-O 10. Nd4 Bg4 11. f3 Bh5 12. Kh1 Qb6 13. Nb3 Bd6 14. Bg5 Ne4
15. Bh4 g5 16. Qe1 gxh4 17. fxe4 h3 18. Qg3+ Ng4 19. e5 Bxe5 20. Qh4 hxg2+ 21.
Kxg2 Ne3+ 22. Kh1 Bg6 23. Bxg6 hxg6 24. Rf2 Nf5 25. Rxf5 gxf5 26. N1d2 Bg7 27.
Rg1 Rfe8 28. Nd4 Re6 29. Nxf5 Rg6 30. Ne7+ Kf8 31. Nxg6+ fxg6 32. Qh7 Re8 33.
Rf1+ Bf6 34. Qxg6 Re6 35. Qf5 Qc6 36. Nf3 d4 37. cxd4 Rd6 38. Kg2 Kg8 39. h4
Rd7 40. Kh2 Rg7 41. Rg1 Bxd4 42. Rxg7+ Bxg7 43. b3 Bf8 44. Kg2 Qe8 45. Ng5 Qe2+
46. Kh3 Qe3+ 47. Qf3 Qxf3+ 48. Nxf3 Kg7 49. Kg4 {...} 1-0

[Event "XX C.to NATO"]
[Site "Hammelburg GER"]
[Date "2009.06.16"]
[Round "2"]
[White "Schenk, Andreas"]
[Black "Donati, Roberto"]
[Result "1-0"]
[WhiteElo "2507"]
[BlackElo "2149"]
[PlyCount "69"]
[EventDate "2009.06.15"]

1. d4 Nf6 2. c4 g6 3. Nc3 Bg7 4. e4 d6 5. Nf3 O-O 6. Be2 Nbd7 7. O-O h6 8. Re1
e5 9. Bf1 exd4 10. Nxd4 Nc5 11. Bf4 Nh5 12. Be3 Re8 13. f3 Ne6 14. Nxe6 Bxe6
15. Qd2 Kh7 16. Rad1 a6 17. g3 Nf6 18. b3 Nd7 19. Bg2 Nc5 20. e5 Qc8 21. exd6
cxd6 22. Nd5 Qd8 23. Nf4 Bf8 24. h4 Rc8 25. Bd4 Nd7 26. h5 Ne5 27. Nxe6 fxe6
28. f4 Nc6 29. hxg6+ Kg8 30. Bb2 Rc7 31. Bh3 Qc8 32. Re2 Rg7 33. Bxg7 Bxg7 34.
Qxd6 Nd4 35. Rxd4 1-0

[Event "XX C.to NATO"]
[Site "Hammelburg GER"]
[Date "2009.06.16"]
[Round "3"]
[White "Benedetti, Fabrizio"]
[Black "Ulusoy, Mustafa"]
[Result "1-0"]
[WhiteElo "2191"]
[BlackElo "1737"]
[PlyCount "89"]
[EventDate "2009.06.15"]

1. e4 e6 2. d3 d5 3. Nd2 Nf6 4. Ngf3 Be7 5. g3 dxe4 6. dxe4 Bd7 7. e5 Nd5 8.
Bg2 Bc6 9. O-O Nb6 10. Qe2 O-O 11. Ne4 N8d7 12. b3 Bxe4 13. Qxe4 c6 14. c4 Qc7
15. Re1 Rfe8 16. Bf4 Rad8 17. Rad1 Nc5 18. Qc2 Rxd1 19. Rxd1 Rd8 20. Rxd8+ Qxd8
21. Bf1 Nbd7 22. b4 Na6 23. a3 Nf8 24. Be3 Qb8 25. Qe4 c5 26. b5 Nc7 27. Nd2 b6
28. Qc6 Ng6 29. f4 f5 30. exf6 Bxf6 31. Ne4 Ne7 32. Nxf6+ gxf6 33. Qd7 Nf5 34.
Bd3 Ng7 35. f5 e5 36. Be4 Nce8 37. Bd5+ Kh8 38. Bh6 Nh5 39. Qf7 Neg7 40. g4 Qe8
41. Qxe8+ Nxe8 42. gxh5 Nd6 43. Be6 Ne4 44. Bf8 Nc3 45. h6 1-0

[Event "XX C.to NATO"]
[Site "Hammelburg GER"]
[Date "2009.06.16"]
[Round "3"]
[White "Donati, Roberto"]
[Black "Pedersen, Lars Erik"]
[Result "1/2-1/2"]
[WhiteElo "2149"]
[BlackElo "2049"]
[PlyCount "107"]
[EventDate "2009.06.15"]

1. d4 d5 2. e3 Nf6 3. Nf3 e6 4. Bd3 c5 5. b3 Nc6 6. a3 Bd6 7. Bb2 b6 8. O-O Bb7
9. Nbd2 O-O 10. c4 Rc8 11. cxd5 exd5 12. Bf5 Rc7 13. dxc5 bxc5 14. Qc2 h6 15.
Rfe1 Re8 16. Rad1 Ne5 17. Bc3 Nc6 18. Qb2 d4 19. exd4 Rxe1+ 20. Rxe1 cxd4 21.
Bxd4 Nxd4 22. Qxd4 g6 23. Bh3 Kg7 24. Qb2 Bf4 25. g3 Bd6 26. Bg2 Bc5 27. Nc4
Rd7 28. Nfe5 Rd1 29. Qe2 Rxe1+ 30. Qxe1 Bxg2 31. Kxg2 Qd5+ 32. f3 h5 33. a4 h4
34. Qd2 Bd4 35. Nc6 h3+ 36. Kxh3 Qxc6 37. Qxd4 Qxf3 38. Nd2 Qh5+ 39. Kg2 Qe2+
40. Qf2 Qd1 41. Qd4 Qe2+ 42. Kg1 Qd1+ 43. Kf2 a6 44. Qc3 Kg8 45. Qxf6 Qxd2+ 46.
Kg1 a5 47. Qb6 Qe1+ 48. Kg2 Qe2+ 49. Qf2 Qe4+ 50. Qf3 Qc2+ 51. Kh3 Qc8+ 52. Qg4
Qc3 53. Qc4 Qe1 54. Kg2 1/2-1/2